Normal view
MARC view
Entry Geographic Name
001 - CONTROL NUMBER
- control field: 2541
003 - CONTROL NUMBER IDENTIFIER
- control field: ARRUPE
005 - DATE AND TIME OF LATEST TRANSACTION
- control field: 20131015115703.0
008 - FIXED-LENGTH DATA ELEMENTS
- fixed length control field: 131015|| aca||aabn | a|a d
040 ## - CATALOGING SOURCE
- Original cataloging agency: ARRUPE
- Transcribing agency: ARRUPE
151 ## - HEADING--GEOGRAPHIC NAME
- Geographic name: Save River Valley (Zimbabwe and Mozambique)
- General subdivision: Antiquities.
670 ## - SOURCE DATA FOUND
- Source citation: Work cat.: (ARRUPE)0: Sinclair, Paul J. J. 2539, Ethno-archaeological surveys of the Save River valley, South Central Mozambique /, [1988]